| 000 | 00532nam a2200193Ia 4500 | ||
|---|---|---|---|
| 003 | OSt | ||
| 005 | 20240927144207.0 | ||
| 008 | 210210b1973 xxu||||| |||| 00| 0 eng d | ||
| 040 | _cAL | ||
| 041 | _aHindi | ||
| 082 | _aH491.5 PRAC | ||
| 100 |
_aPRASAD (Shivanandan). _dशिवनंदन प्रसाद _9180558 |
||
| 245 |
_aChandashatra. _bछंद शास्त्र |
||
| 260 |
_aPatna. _bAnupam Prakashana _c1973 |
||
| 300 | _a3,88 | ||
| 690 |
_aHindi Grammar _9180559 |
||
| 906 | _a030827 | ||
| 942 |
_2ddc _cBK |
||
| 999 |
_c82003 _d82003 |
||